Chargement en cours...

Russian politics and society /

Détails bibliographiques
Auteur principal: Sakwa, Richard
Format: Printed Book
Langue:English
Publié: London ; New York : Routledge, 2008.
Édition:4th ed., Fully rev. and updated.
Sujets:
Accès en ligne:http://www.loc.gov/catdir/enhancements/fy0745/2007032799-d.html
http://www.loc.gov/catdir/toc/ecip0724/2007032799.html
LEADER 01514cam a2200361 a 4500
008 070808q20081993enkb b 001 0 eng
010 |a  2007032799 
020 |a 9780415415279 (hardback) 
020 |a 0415415276 (hardback) 
020 |a 9780415415286 (pbk.) 
020 |a 0415415284 (pbk.) 
020 |a 9780203931257 (ebook) 
020 |a 0203931254 (ebook) 
035 |a (OCoLC)ocn165082429 
043 |a e-ru--- 
082 0 0 |a 320.947  |2 22 
100 1 |a Sakwa, Richard. 
245 1 0 |a Russian politics and society /  |c Richard Sakwa. 
250 |a 4th ed., Fully rev. and updated. 
260 |a London ;  |a New York :  |b Routledge,  |c 2008. 
300 |a xix, 585 p. :  |b maps ;  |c 25 cm. 
504 |a Includes bibliographical references (p. [567]-571) and index. 
650 0 |a Post-communism  |z Russia (Federation) 
650 0 |a Post-communism  |z Former Soviet republics. 
856 4 2 |u http://www.loc.gov/catdir/enhancements/fy0745/2007032799-d.html 
856 4 1 |u http://www.loc.gov/catdir/toc/ecip0724/2007032799.html 
942 |c BK 
651 0 |a Russia (Federation)  |x Politics and government  |y 1991- 
651 0 |a Former Soviet republics  |x Politics and government. 
906 |a 7  |b cbc  |c orignew  |d 1  |e ecip  |f 20  |g y-gencatlg 
955 |a sd11 2007-08-08  |i sd11 2007-08-08 to sl  |a aa19 2007-08-15  |a xe05 2010-07-20 1 copy rec'd., to CIP ver. 
999 |c 96709  |d 96709 
952 |0 0  |1 0  |4 0  |6 320_947000000000000_SAK_R  |7 0  |9 96422  |a UL  |b UL  |c ST1  |d 2011-12-08  |g 0.00  |l 0  |o 320.947 SAK/R  |p 86924  |r 2012-10-28  |v 2049.18  |x 32  |y BK  |k P. 24.99